لجنة اعانة منكوبى المجاعة فى سوريا تقرير مرفوع من الللجنة التنفيذية الى حضرات المكتتبين الكرام عن اعمال اللجنة وقؤاؤاتها وميزانيتها واكتتاباتها

محفوظ في:

مؤلف مشترك: مركز اللجنة "نادى الاتحاد السورى بالقاهرة".

التنسيق: كتاب

اللغة: Undetermined

منشور في: Miṣr Dār al-Maʻārif bi-Misr 1918

الوسوم: إضافة وسم

لا توجد وسوم, كن أول من يضع وسما على هذه التسجيلة!

رقم الطلب: N36 SYRI

LEADER 00615nam a2200121Ia 4500
008 240404s9999||||xx |||||||||||||| ||und||
050 4 |a N36 SYRI 
110 0 |a مركز اللجنة "نادى الاتحاد السورى بالقاهرة". 
245 1 0 |a لجنة اعانة منكوبى المجاعة فى سوريا  |b تقرير مرفوع من الللجنة التنفيذية الى حضرات المكتتبين الكرام عن اعمال اللجنة وقؤاؤاتها وميزانيتها واكتتاباتها 
264 1 |a Miṣr  |b Dār al-Maʻārif bi-Misr  |c 1918 
300 |a 73  |c 25 
942 |2 lcc  |c BK 
999 |c 58100  |d 58100